Child and adolescent therapy : a handbook

Bibliographic Details
Other Authors: Lane, David A
Format: Book
Published: Buckingham : University Press , 1992
Subjects:

MARC

LEADER 00000cam a2200000 7i4500
001 0000002647
002 000002875
005 20131101.0
020 |a 0335098908 
090 0 0 |a 618.928914   |b CHI 
245 0 0 |a Child and adolescent therapy :   |b a handbook   |c edited by David A. Lane and Andrew Miller 
260 |a Buckingham :   |b University Press ,   |c 1992 
300 |a 260p. ;   |c 22cm. 
650 0 0 |a Adolescent psychotherapy 
650 0 0 |a Child psychotherapy 
700 1 |a Lane, David A 
999 |a 036061   |b BUKU   |c PINJAMAN   |e PERPUSTAKAAN KOMUNITI PETALING JAYA